Nanking atrocity, 1937-38:Complicating the picture (Record no. 1319400)

MARC details
000 -LEADER
fixed length control field 00701nam a2200229Ia 4500
005 - DATE AND TIME OF LATEST TRANSACTION
control field 20250507130402.0
008 - FIXED-LENGTH DATA ELEMENTS--GENERAL INFORMATION
fixed length control field 008 250505s9999 xx 000 0 chi d
020 ## - INTERNATIONAL STANDARD BOOK NUMBER
International Standard Book Number 9781845455002
037 ## - SOURCE OF ACQUISITION
Stock number Annuals, Advances
040 ## - CATALOGING SOURCE
Original cataloging agency EASL
Language of cataloging eng
Transcribing agency EASL
041 ## - LANGUAGE CODE
Language code of text/sound track or separate title chi
Source of code eng
084 ## - COLON CLASSIFICATION NUMBER
Classification number V41:1942.N49, P7
Assigning agency EASL
100 ## - MAIN ENTRY--PERSONAL NAME
Personal name Wakabayashi Bob Tadashi Ed.
9 (RLIN) 18436
245 #0 - TITLE STATEMENT
Title Nanking atrocity, 1937-38:Complicating the picture
260 ## - PUBLICATION, DISTRIBUTION, ETC.
Place of publication, distribution, etc. USA
Name of publisher, distributor, etc. New York Berghahn Books
Date of publication, distribution, etc. 2007
300 ## - PHYSICAL DESCRIPTION
Extent xx,434p.
365 ## - TRADE PRICE
Price type code ¥
Price amount 4998
490 ## - SERIES STATEMENT
Series statement Asia -Pacific studies
650 ## - SUBJECT ADDED ENTRY--TOPICAL TERM
Topical term or geographic name entry element History-historiography
942 ## - ADDED ENTRY ELEMENTS (KOHA)
Koha item type Textual
Classification part V41:1942.N49, P7

No items available.

Copyright @ Delhi University Library System